000 00411 a2200133 4500
001 ART_43741
005 20260410162025.0
008 260409a
245 1 0 _aWages, productivity, and worker characteristics
100 1 _aHellerstein, Judith K.
700 1 _aNeumark, David
700 1 _aTroske, Kenneth R.
773 0 _tJournal of labor economics
_g- Vol. 17, NÂș 3 (jul. 1999)
_wREV43438
999 _c33506
_d33506